Relaciones inter-étnicas y la estructura de clases en la costa atlántica de Nicaragua /
Enregistré dans:
| Auteur principal: | |
|---|---|
| Format: | Texte |
| Langue: | Spanish |
| Sujets: | |
| Tags: |
Ajouter un tag
Pas de tags, Soyez le premier à ajouter un tag!
|
MARC
| LEADER | 00000 a a2200000 04500 | ||
|---|---|---|---|
| 001 | 7880 | ||
| 003 | cru CRAI/IIS | ||
| 005 | 20210520124151.0 | ||
| 008 | 210520b |||||||| |||| 00| 0 spa d | ||
| 040 | |c cru CRAI/IIS | ||
| 100 | 1 | |a Hale, Charles R. | |
| 245 | 1 | |a Relaciones inter-étnicas y la estructura de clases en la costa atlántica de Nicaragua / |c Charles R. Hale | |
| 500 | |a Colección Centroamérica | ||
| 650 | |a GRUPOS ETNICOS | ||
| 650 | |a LUCHA DE CLASES | ||
| 650 | |a AMERINDIOS | ||
| 650 | |a ANALISIS HISTORICO | ||
| 650 | |a RELACIONES INTERETNICAS | ||
| 650 | |a PODER POLITICO | ||
| 773 | |g número 48; páginas 71-91 | ||
| 773 | 0 | |0 18875 |9 5293 |a Universidad de Costa Rica. |d San José, Costa Rica: Universidad de Costa Rica. Consejo Superior Universitario Centroamericano, 1972- |o 14337 |t Estudios Sociales Centroamericanos / |x 03039676 | |
| 942 | |2 ddc |c PP | ||
| 999 | |c 24357 |d 24357 | ||
